000 00308nam a22001337a 4500
008 180914b xxu||||| |||| 00| 0 eng d
020 _a9781582973500
041 _aeng
080 _a371
100 _a25
101 _aEDU
245 _aThe Portable MFA in creative writing
_cTomlinson, T
942 _2udc
_cBK
999 _c47766
_d47766